书目信息 |
| 题名: |
丝绸之路与西域文化艺术
|
|
| 作者: | 常任侠 著 | |
| 分册: | ||
| 出版信息: | 上海 上海文艺出版社 1981 |
|
| 页数: | 264页 | |
| 开本: | 21cm | |
| 丛书名: | ||
| 单 册: | ||
| 中图分类: | K203 , I0 | |
| 科图分类: | ||
| 主题词: | 丝绸之路--文化史 , 丝绸之路 , 文学理论 | |
| 电子资源: | ||
| ISBN: | ||
| 000 | 00733nam0 2200277 450 | |
| 001 | 1572710743 | |
| 005 | 20150124201213.85 | |
| 010 | @dCNY1.25 | |
| 091 | @a10078.3109 | |
| 100 | @a19950411d1981 em y0chiy0110 ea | |
| 101 | 0 | @achi |
| 102 | @aCN@b310000 | |
| 105 | @ay z 000yy | |
| 200 | 1 | @a丝绸之路与西域文化艺术@9si chou zhi lu yu xi yu wen hua yi shu@f常任侠著 |
| 210 | @a上海@c上海文艺出版社@d1981 | |
| 215 | @a264页@d21cm | |
| 606 | 0 | @a丝绸之路@x文化史 |
| 606 | 0 | @a丝绸之路 |
| 606 | 0 | @a文学理论 |
| 607 | @a西域@x文化史 | |
| 607 | @2CT@3S080274@a西域 | |
| 690 | @aK203@v5 | |
| 690 | @aI0@v4 | |
| 701 | 0 | @a常任侠@9chang ren xia@f(1904~1996)@4著 |
| 801 | 0 | @aCN@bTSSF@c20150124 |
| 905 | @aZUCC@dI0@eJY17 | |
| 丝绸之路与西域文化艺术/常任侠著.-上海:上海文艺出版社,1981 |
| 264页;21cm |
| ISBN :CNY1.25 |
| ● |
| 相关链接 |
|
|
|
|
正题名:丝绸之路与西域文化艺术
索取号:I0/JY17
 
预约/预借
| 序号 | 登录号 | 条形码 | 馆藏地/架位号 | 状态 | 备注 |
| 1 | 7855397 | 278553977 | 学院路分馆/ [索取号:I0/JY17] | 在馆 |